Guess the Chicago Bulls by Picture - Hard - Statistics

General Stats
  • This quiz has been taken 23 times
  • The average score is 7 of 20
Answer Stats
Picture Answer % Correct
Carlos Boozer
90%
Kyle Korver
80%
Patrick Williams
75%
Ayo Dosunmu
65%
Otto Porter Jr.
60%
Cristiano Felicio
55%
Justin Holiday
50%
Aaron Brooks
40%
Ryan Arcidiacono
40%
Tony Bradley
40%
Ronnie Brewer
25%
Matt Thomas
20%
Nazr Mohammed
15%
Noah Vonleh
15%
Quincy Pondexter
15%
Shaquille Harrison
15%
Adam Mokoka
5%
Joffrey Lauvergne
5%
Lindsey Hunter
5%
Devin Brown
0%
No matching quizzes found
Score Distribution
Percent of People with Each Score
Percentile by Number Answered
Your Score History
You have not taken this quiz